| 000 | 00338nam a22001457a 4500 | ||
|---|---|---|---|
| 003 | SGT | ||
| 020 | _a9789350280409 | ||
| 082 | _a340,SIN | ||
| 100 | _aSINGH AVTAR | ||
| 245 | _aINTRODUCTION TO LAW OF PARTNERSHIP | ||
| 260 |
_aLUCKNOW _bEASTERN BOOK COMPANY _c2007 |
||
| 300 | _a232 | ||
| 650 | _aLAW OF PARTNERSHIP | ||
| 942 |
_2ddc _cBK _01 |
||
| 999 |
_c10263 _d10263 |
||